00224 a2200097 4500245004600000100001800046650001500064005001700079084001300096999001700109 aThe nigger of the Narcissus TyphoonhText aJoseph Conrad aliterature20191021095809.0 aPR685ON5 c12689d12689